Normal view
MARC view
- Irfan Ahmed Khan
Entry Personal Name
001 - CONTROL NUMBER
- control field: 9573
003 - CONTROL NUMBER IDENTIFIER
- control field: NUST
005 - DATE AND TIME OF LATEST TRANSACTION
- control field: 20180123110603.0
008 - FIXED-LENGTH DATA ELEMENTS
- fixed length control field: 180123|| aca||aabn | a|a d
040 ## - CATALOGING SOURCE
- Original cataloging agency: NUST
- Transcribing agency: NUST
100 ## - HEADING--PERSONAL NAME
- Personal name: Irfan Ahmed Khan
670 ## - SOURCE DATA FOUND
- Source citation: Work cat.: (NUST)321781: Irfan Ahmed Khan, Pakistan Pe Kia Guzri, 2010
